000 00876na a2200301 4500
001 19016
003 MIRAKIL
005 20181213155134.0
008 161206b tu 000 0
020 _a9789757278085
035 _a19016
040 _aMilas
_btur
_cTR-AnCHP
041 _atur
082 _a321.8
_bZ95p 2011
090 _a321.8 Z95p 2011
100 _aZümrüt, Osman
240 _aPaylaşımcı demokrasi
245 _aİnsanlığın yönetimde ulaştığı en iyi sistem
_bPaylaşımcı demokrasi
_cOsman Zümrüt
246 _aPaylaşımcı demokrasi
260 _aAnkara
_b[yayl. y.]
_c2011
300 _a160 s.
_c20 sm.
500 _aYapıt yazarından imzalıdır.
504 _aKaynakça var.
650 _aYönetim sistemleri
_xDemokrasi
650 _aDemokrasi
_xFelsefe ve kuram
740 _aPaylaşımcı demokrasi
942 _2ddc
_cBKS
999 _c7281
_d7281